| 000 | 01530nam a22002417a 4500 | ||
|---|---|---|---|
| 003 | OSt | ||
| 005 | 20251218123230.0 | ||
| 008 | 210304b ||||| |||| 00| 0 eng d | ||
| 020 | _a9781137430359 | ||
| 040 | _cKCST | ||
| 082 |
_a658.022 _bBu En |
||
| 100 |
_aBurns, Paul _95209 |
||
| 245 |
_aEntrepreneurship and small business : _bstart-up, growth and maturity / _cPaul Burns |
||
| 250 | _a4th ed. | ||
| 260 |
_aNew York : _bPalgrave Macmillan, _c2016. |
||
| 300 |
_axliii, 540 pages ; _c28 cm |
||
| 505 | _aPART I: ENTREPRENEURSHIP -- 1. Entrepreneurship: The Social and Business Revolution -- 2. The Economics of Entrepreneurship and Public Policy -- 3. The Entrepreneurial Character -- 4. Discovering a Business Idea -- 5. Researching and Evaluating the Business Idea -- PART II: START-UP -- 6. Start-up: Developing Your Business Model -- 7. Adding Values to the Business Model -- 8. Launching the Business -- 9. Legal Foundations -- 10. Operations and Risk -- 11. Financial Management -- PART III: GROWTH -- 12. Growth: Building the Foundations -- 13. Strategies for Growth -- 14. Financing the Business -- 15. From Business Model to Business Plan -- PART IV: MATURITY -- 16. Maturity: The Exit -- 17. Family Business -- 18. From Entrepreneur to Entrepreneurial Leader -- 19. Corporate Entrepreneurship. | ||
| 650 |
_aEntrepreneurship -- Study and teaching. _95210 |
||
| 650 |
_aBusiness education. _95211 |
||
| 650 |
_aSmall business -- Case studies. _95212 |
||
| 942 |
_cCTBK _2ddc |
||
| 942 | _2ddc | ||
| 999 |
_c653 _d653 |
||